Poslanci odmietli vstup nemeckého zriaďovateľa

Bibliographic Details
Main Author: (MV) (Author)
Format: Article
Language:Slovak
PhysicalDescription:Fotografie
ISSN:1338-0346
Subjects:

MARC

LEADER 00000cab a2200000 4500
001 vtls011974904
003 SK-MaSNL
005 20260303170222.0
008 200618|2018 xo w|||||| || ||slo|
040 |a SLLK  |b slo  |e rda 
041 0 |a slo 
043 |a e-xo--- 
044 |a xo  |c SK 
072 7 |a 352/354  |x Stupne miestnej, oblastnej a ústrednej správy  |2 konspekt 
080 |a 342.534.1  |2 2011 
080 |a 332.14  |2 2011 
100 0 |a (MV)  |4 aut  |9 846403 
245 1 0 |a Poslanci odmietli vstup nemeckého zriaďovateľa  |c [autor] (mv) 
300 |b Fotografie 
336 |a text  |b txt  |2 rdacontent 
337 |a bez média  |b n  |2 rdamedia 
338 |a zväzok  |b nc  |2 rdacarrier 
610 2 7 |a Deutsch-Slowakische Akademien (Nemecko)  |2 SNK  |9 1193244 
610 2 7 |a Základná škola Za vodou (Stará Ľubovňa, Slovensko)  |2 SNK  |9 59323 
610 1 7 |a Stará Ľubovňa (Slovensko).  |b Mestské zastupiteľstvo  |2 SNKKA  |9 94961 
650 0 7 |a poslanci  |2 SNKPH  |9 1797 
650 0 7 |a zasadnutia mestského zastupiteľstva  |2 SNK  |9 1032409 
650 0 7 |a mestské zastupiteľstvá  |2 SNK  |9 70169 
651 7 |a Stará Ľubovňa (Slovensko)  |2 SNKPHgeo  |9 19193 
655 7 |a správy  |2 SNKPH  |9 70563 
773 0 |t Ľubovnianske noviny  |g Roč. 43, č. 8 (2018), s. 1., 3.  |x 1338-0346 
958 |a RG 
999 |c 2075889  |d 2077819